000 00412nam a22001217a 4500
999 _c20254
_d20254
008 240508b ||||| |||| 00| 0 eng d
082 _aDPer 647.94068 In82 2019 v. 78-79
245 _aInternational Journal of Hospitality Management /
260 _aAmsterdam :
_bElsevier ,
_c2019.
300 _avarious paging :
_billustrations ;
_c28 cm.
650 _aHospitality industry
_xManagement.
_956956
942 _2ddc
_cPER